Statistics for Switzerland Euro 2020 Squad

Click here to take the quiz!

General Stats

  • This quiz has been taken 579 times
    (572 since last reset)
  • The average score is 14 of 27

Answer Stats

#PositionPlayer% Correct
1GKYann Sommer
97%
10MF ©Granit Xhaka
95%
23MFXherdan Shaqiri
88%
7FWBreel Embolo
79%
9FWHaris Seferović
78%
13DFRicardo Rodríguez
73%
5DFManuel Akanji
71%
22DFFabian Schär
66%
2DFKevin Mbabu
60%
6MFDenis Zakaria
59%
4DFNico Elvedi
58%
8MFRemo Freuler
55%
19FWMario Gavranović
54%
11MFRuben Vargas
49%
14MFSteven Zuber
47%
ManagerVladimir Petković
47%
12GKYvon Mvogo
42%
18FWAdmir Mehmedi
41%
3DFSilvan Widmer
40%
15MFDjibril Sow
33%
21GKJonas Omlin
33%
20MFEdimilson Fernandes
31%
16MFChristian Fassnacht
29%
25DFEray Cömert
21%
26DFJordan Lotomba
16%
17DFLoris Benito
16%
24DFBećir Omeragić
14%

Score Distribution

Percentile by Number Answered

Percent of People with Each Score

Your Score History

You have not taken this quiz since the last reset